Humanitárius fejlesztés vagy kulturális imperializmus? A nemzetközi önkéntesség interkulturális vonatkozásai és hatásai magyar önkéntesek reflexiói alapján HUMANITARIAN DEVELOPMENT OR CULTURAL IMPERIALISM? THE INTERCULTURAL ATTRIBUTES AND IMPACTS OF INTERNATIONAL VOLUNTEERING IN HUNGARIAN VOLUNTEERS’ REFLEXIONS

Bibliographic Details
Main Author: Molnár Zsolt
Format: Article
Published: Budapesti Gazdasági Egyetem, Kereskedelmi, Vendéglátóipari és Idegenforgalmi Kar, Közgazdasági Intézeti Tanszéki Osztály 2022
Series:Multidiszciplináris kihívások, sokszínű válaszok 2022 No. 1
Subjects:
doi:10.33565/MKSV.2022.01.05

Kulcsszavak:Nemzetközi önkéntesség
Nemzetközi fejlesztés
Humanitarianizmus
Humanitárius segélyezés
Interkulturalitás
Kulturális kihívások
International volunteering
International development
Humanitarianism
Humanitarian aid
Interculturality
Cultural challenges
Online Access:http://publikaciotar.uni-bge.hu/1910

MARC

LEADER 00000nab a2200000 i 4500
001 publ1910
005 20260112142324.0
008 220922s2022 hu o 000 zxx d
022 |a 2630-886X 
024 |a 10.33565/MKSV.2022.01.05  |2 doi 
040 |a BGE Publikációtár Repozitórium  |b hun 
100 1 |a Molnár Zsolt 
245 1 0 |a Humanitárius fejlesztés vagy kulturális imperializmus? A nemzetközi önkéntesség interkulturális vonatkozásai és hatásai magyar önkéntesek reflexiói alapján  |b HUMANITARIAN DEVELOPMENT OR CULTURAL IMPERIALISM? THE INTERCULTURAL ATTRIBUTES AND IMPACTS OF INTERNATIONAL VOLUNTEERING IN HUNGARIAN VOLUNTEERS’ REFLEXIONS  |c Molnár Zsolt  |h [elektronikus dokumentum] 
260 |a Budapesti Gazdasági Egyetem, Kereskedelmi, Vendéglátóipari és Idegenforgalmi Kar, Közgazdasági Intézeti Tanszéki Osztály  |c 2022 
300 |a 99-130 
490 0 |a Multidiszciplináris kihívások, sokszínű válaszok  |v 2022 No. 1 
520 3 |a A nemzetközi önkéntesség kiemelt szerepet játszik a nemzetközi fejlesztésben, mivel interkulturális közvetítő intézményként működik a küldő és a fogadó országok és közösségek között, biztosítva a humanitárius és fejlesztési programok megvalósításához szükséges humán kereteket. A nemzetközi önkéntesség leggyakrabban nemzetközi NGO-k és transznacionális szervezetek (pl. ENSZ, EU) célkitűzései alapján a humanitárius programokat alakítja helyi fejlődéssé a tevékenységek helyi koordinálásán, tudástranszferen, képzéseken és az önkéntesek fizikai munkavégzésén keresztül. Tanulmányomban a nemzetközi önkéntesség interkulturális sajátosságait, összetevőit és hatásait vizsgáltam meg 21 visszatért magyar nemzetközi önkéntes személyes tapasztalatain keresztül. Kutatói célom annak feltárása, hogy mennyire felel meg a magyar önkéntesség a vele szemben támasztott új kihívásoknak. A résztvevőkkel felvett szakmai mélyinterjúk négy kérdéskört érintettek, az 1) interkulturális szempontok megjelenése az önkéntesek motivációjában, a 2) megtapasztalt helyi szokások és nehézségek azonosítása és kezelése, a 3) kulturális imperializmus jelenléte, valamint az 4) önkéntesség fogadó félre gyakorolt hatásának értékelése. A vizsgálat legfontosabb megállapítása, hogy a magyar önkéntesek jelentős része tudatosan készült és kezelte az interkulturális kihívásokat, és részben felismerték saját kulturális felelősségüket is. Főleg a magyar kezdeményezésű fejlesztési projektek helyeztek nagy hangsúlyt az interkulturális előkészítésre és a helyi elvárásoknak való megfeleltetésre. 
650 4 |a gazdálkodás- és szervezéstudományok 
695 |a Nemzetközi önkéntesség 
695 |a Nemzetközi fejlesztés 
695 |a Humanitarianizmus 
695 |a Humanitárius segélyezés 
695 |a Interkulturalitás 
695 |a Kulturális kihívások 
695 |a International volunteering 
695 |a International development 
695 |a Humanitarianism 
695 |a Humanitarian aid 
695 |a Interculturality 
695 |a Cultural challenges 
856 4 0 |u https://publikaciotar.uni-bge.hu/id/eprint/1910/1/MOLNAR%20Zsolt_2022_1.pdf  |z Dokumentum-elérés